000 01236nam a2200289Ia 4500
999 _c5296
_d5296
003 OSt
005 20200519155235.0
008 191128s1979 sp gr 000 0 spa d
020 _a8474230985
040 _aCO-JMCR
_cCO-JMCR
041 1 _aspa
_hfr
082 0 4 _a330 /
_bG141i
_223
100 1 _aGalbraith, John Kenneth,
_eautor
_94507
245 1 0 _aIntroducción a la economía :
_buna guía para todos (o casi) /
_cJohn Kenneth Galbraith y Nicole Salinger ; prólogo de Fabián Estapé ; traducción Gustau Muñoz
260 _aBarcelona :
_bCrítica : Grijalbo,
_c1979
300 _a234 páginas ;
_c19 cm.
490 0 _aEstudios y ensayos
505 0 _a¿Qué es la economía? -- Los sistemas económicos -- ¿Qué ha sucedido con el mercado -- La gran empresa moderna -- De nacionalizaciones y multinacionales -- La moneda y la política monetaria -- ¿Qué es la política fiscal?
534 _pTout savoir, ou presque, sur l'économie
546 _aTraducido del francés
650 1 4 _aEconomía
_94508
650 1 4 _aPensamiento económico
_92296
700 1 _aSalinger, Nicole,
_eautor
_94509
700 1 _aEstapé, Fabián,
_eprologuista
_94510
700 1 _a Muñoz, Gustau,
_etraductor
_94511
942 _2ddc
_cBK